00723nam a2200217 a 450000500170000000800410001704000270005804100080008504400070009308200170010011000380011724500680015526000580022330000320028149000340031365000500034765000280039766200300042570000240045571000260047920180803165122.0140312s1990 ck gr|||| 000 0 spa d aCO-BoIAVH cCO-BoIAVH 0 aspa ack04a577.56bF91i2 aFriedrich Ebert Stiftung Colombia10aIndustria y medio ambiente /cFriedrich Ebert Stiftung Colombia aBogotá :bFriedrich Ebert Stiftung Colombia,c1990? a60 páginas ;c22 x 16 cm.0 aPolítica y Medio Abientev216aProducción industrialxAspectos ambientales16aLegislación ambiental aColombiacValle del cauca1 aFonseca, Z., Carlos1 aPatiño R., Aníbal